Countries of the 2007 Rugby World Cup - Statistics

General Stats
  • This quiz has been taken 46 times
  • The average score is 19 of 20
Answer Stats
Answer % Correct
Australia
100%
England
100%
Fiji
100%
France
100%
Ireland
100%
Italy
100%
Samoa
100%
Scotland
100%
Tonga
100%
Wales
100%
Argentina
97%
Canada
97%
Japan
97%
New Zealand
97%
USA
97%
Georgia
95%
Namibia
95%
Romania
95%
South Africa
95%
Portugal
76%
No matching quizzes found
Score Distribution
Percent of People with Each Score
Percentile by Number Answered
Your Score History
You have not taken this quiz